000 00233nam a2200097Ia 4500
001 1214155
005 20250827024526.0
008 250824s9999 xx 000 0 und d
245 0 _aBAŞARI OKULU
_cÖZGÜR GEZ
260 _bATLI KARINCA
999 _c1214155
_d1214155